banner koha

Applicability of polyamide 12 intramedullary locked rods in the stabilization of induced humeral fracture in cockerels (white plymouth rock) – in vivo study (Registro n. 300353)

MARC details
000 -LÍDER
fixed length control field 04514nab a2200361 i 4500
003 - CÓDIGO MARC DA AGÊNCIA CATALOGADORA
Campo de controle BR-BrBNA
005 - DATA E HORA DA ÚLTIMA ATUALIZAÇÃO
Campo de controle 20240702142316.0
008 - CAMPO DE TAMANHO FIXO
fixed length control field 240702b2017 bl.|r|pooa||| 00| 0 eng |
040 ## - FONTE DA CATALOGAÇÃO
Agência catalogadora BR-BrBNA
Idioma da catalogação eng
072 ## - CATEGORIA AGRIS
Código AGRIS L70
Código do objeto 6100
100 ## - ENTRADA PRINCIPAL - NOME PESSOAL
Nome pessoal Cherobini, E.P.
100 ## - ENTRADA PRINCIPAL - NOME PESSOAL
Nome pessoal Carvalho, L.L.
100 ## - ENTRADA PRINCIPAL - NOME PESSOAL
Nome pessoal Garcia, D.O.
100 ## - ENTRADA PRINCIPAL - NOME PESSOAL
Nome pessoal Dias, F.G.G.
100 ## - ENTRADA PRINCIPAL - NOME PESSOAL
Nome pessoal Malta, C.A.S.
100 ## - ENTRADA PRINCIPAL - NOME PESSOAL
Nome pessoal Facin, A.C.
100 ## - ENTRADA PRINCIPAL - NOME PESSOAL
Nome pessoal Mattos-Junior, E.
100 ## - ENTRADA PRINCIPAL - NOME PESSOAL
Nome pessoal Magalhães, G.M.
100 ## - ENTRADA PRINCIPAL - NOME PESSOAL
Nome pessoal Dias, L.G.G.G.
245 ## - TÍTULO PRINCIPAL
Título principal Applicability of polyamide 12 intramedullary locked rods in the stabilization of induced humeral fracture in cockerels (white plymouth rock) – in vivo study
500 ## - NOTA GERAL
Nota geral Publicação online; 14 ref.; Summaries (En, Pt)
942 ## - ADDED ENTRY ELEMENTS (KOHA)
Koha item type
520 ## - NOTA DE RESUMO
Nota de conteúdo <br/><br/>ABSTRACT - The aim of this study was to evaluate the use of polyamide 12 intramedullary rods in osteotomized humerus in cockerels (White Plymouth Rock) and analyze, by radiography and histopathology, bone consolidation and the formation of bone callus. Ten cockerels were subjected to transverse osteotomy of the right humeral diaphysis followed by the insertion of polyamide 12 locked rods, with two nails in each bone fragment. Radiographies obtained at the immediate pre and post-operative period, and every 7 days for 3 months revealed no perioperatory complications. Radiography revealed a radiopaque bone callus between the 4th and 5th week post-surgery. Histopathology detected an amphophylic material (polyamide 12 rod) in the intramedullary region and the proliferation of highly vascularized connective tissue between the rod and the cortical bone. This connective tissue was highly cellular with differentiation into osteoblasts. The collagen fibers varied from loose to dense and a differentiated bone matrix, containing osteocytes in gaps and the development of bone marrow, was also observed; indicating the formation of a bone callus without signs of implant rejection. The polyamide 12 intramedullary rod was effective in the stabilization of the fractures used in this experimental model, with no rejection reaction for at least 90 days.<br/><br/><br/>Keywords: avian, osteosynthesis, orthopaedics, bone union, milling
520 ## - NOTA DE RESUMO
Nota de conteúdo <br/><br/>RESUMO - O presente estudo teve como objetivo avaliar a implantação de hastes intramedulares de poliamida 12, em úmeros osteotomizados de galos (Plymouth Rock Branca), bem como avaliar a consolidação óssea, por meio da verificação da formação de calo ósseo, analisando exames radiográficos e histopatológicos. Os galos foram submetidos à osteotomia transversa da diáfise do úmero direito, sendo implantadas posteriormente as hastes de poliamida 12 bloqueada com dois parafusos em cada fragmento ósseo. Após o procedimento cirúrgico, foram realizadas radiografias nos momentos pré e pós-operatório imediato e, posteriormente, a cada sete dias, durante três meses, até a realização da eutanásia. Não houve complicações perioperatórias. Ao exame radiográfico, os animais apresentaram formação de calo ósseo radiopaco entre a quarta e quinta semanas de pós-operatório. Ao exame histopatológico, foi possível notar, em todos os animais, presença de material anfofílico (haste de poliamida 12) ocupando a região intramedular óssea, e entre a haste e as corticais ósseas, proliferação de tecido conjuntivo altamente vascularizado. Tal tecido apresentou-se altamente celular com diferenciação em osteoblastos. Notaram-se também fibras colágenas, variando de aspecto frouxo a denso, e observou-se formação de matriz óssea diferenciada com osteócitos em lacunas e formações de medula óssea, denotando formação de calo ósseo sem sinais de rejeição do implante. A haste intramedular de poliamida 12 foi eficaz para estabilização das fraturas utilizando-se esse modelo experimental, sem reação de rejeição pelo período de 90 dias.<br/><br/><br/>Palavras-chave: aves, osteossíntese, ortopedia, união óssea, fresagem
650 ## - ASSUNTO - THESAGRO
Cabeçalho tópico ou nome geográfico GALO
650 ## - ASSUNTO - THESAGRO
Cabeçalho tópico ou nome geográfico OSTEOSSÍNTESE
650 ## - ASSUNTO - THESAGRO
Cabeçalho tópico ou nome geográfico OSSO
650 ## - ASSUNTO - THESAGRO
Cabeçalho tópico ou nome geográfico FRATURA
650 ## - ASSUNTO - THESAGRO
Cabeçalho tópico ou nome geográfico VETERINÁRIA
773 0# - ENTRADA ANALÍTICA
Host Biblionumber 1643
Registro do item 316242
Imprenta Belo Horizonte-MG Universidade Federal de Minas Gerais - Escola de Veterinaria 1983
Outro identificador 2024-2643
Título Arquivo Brasileiro de Medicina Veterinária e Zootecnia (Brazil)
ISSN 0102-0935
Colação v. 69(4) p. 771-776; (2017)
Número de controle de registro BR 2024001635
856 ## - ACESSO E ENDEREÇO ELETRÔNICO
Identificador uniforme de recurso - URI https://www.scielo.br/j/abmvz/a/5yD8LfdkCc3rxpBRBkTNVqy/?format=pdf&lang=en

Nenhum exemplar disponível.

BINAGRI

Telefone: (61)3218-2567/2388/3357/2097 - binagri@agro.gov.br

Ministério da Agricultura e Pecuária , Esplanada dos Ministérios, Bloco D, Anexo B, Brasília/DF, CEP: 70.043-900